ՀՀ Գիտությունների ազգային ակադեմիայի հիմնարար գիտական գրադարան  =   Fundamental Scientific Library of NAS RA

Калинин : (Record no. 268902)

MARC details
000 -LEADER
fixed length control field 00696nam a2200193 a 4500
001 - CONTROL NUMBER
control field 000727563
003 - CONTROL NUMBER IDENTIFIER
control field AM-YeHGA
005 - DATE AND TIME OF LATEST TRANSACTION
control field 20250617143051.0
008 - FIXED-LENGTH DATA ELEMENTS--GENERAL INFORMATION
fixed length control field 100412s1968 ||| r 000 0 rus d
040 ## - CATALOGING SOURCE
Original cataloging agency AM-YeHGA
041 0# - LANGUAGE CODE
Language code of text/sound track or separate title rus
090 ## - LOCALLY ASSIGNED LC-TYPE CALL NUMBER (OCLC); LOCAL CALL NUMBER (RLIN)
-- 270539
245 00 - TITLE STATEMENT
Title Калинин :
Remainder of title Путеводитель /
Statement of responsibility, etc. Сост. Николай Мазурин.
260 ## - PUBLICATION, DISTRIBUTION, ETC.
Place of publication, distribution, etc. Москва :
Name of publisher, distributor, etc. Моск. рабочий,
Date of publication, distribution, etc. 1968.
300 ## - PHYSICAL DESCRIPTION
Extent 175 с. :
Other physical details ил., [1] л. схем.
653 0# - INDEX TERM--UNCONTROLLED
Uncontrolled term Города Тверской области - Путеводители
653 0# - INDEX TERM--UNCONTROLLED
Uncontrolled term Калинин - Путеводители
700 1# - ADDED ENTRY--PERSONAL NAME
Personal name Мазурин, Николай Иванович
Relator term сост.
Relationship com
Holdings
Withdrawn status Lost status Damaged status Not for loan Collection Home library Current library Date acquired Total checkouts Full call number Barcode Date last seen Price effective from Koha item type Public note
        General Fundamental Scientific Library Fundamental Scientific Library 29/12/2016   PI/20724 FL0153591 29/12/2016 29/12/2016 Գրքեր / Books 30 Days Loan


ՀՀ ԳԱԱ հիմնարար գիտական գրադարան
ՀՀ,Երևան 0019
Մարշալ Բաղրամյան 24/6
հեռախոս:(374-10) 52-47-50
Հետադարձ կապ

All site content, except where otherwise noted, is licensed under a
Creative Commons License